=LDR 00000nam 2200000 4500 =001 000775 =005 20250711105710 =035 ##$$a 0010-0725000644 =007 ta =008 250711################a##########0#ind## =020 ##$$a 978-623-472-492-9 =082 ##$$a 398.209 598 =084 ##$$a 398.209 598 CLAR m =100 #$$a Clare Verbeek =245 1#$$a Menghitung binatang /$c Clare Verbeek =250 ##$$a Cetakan pertama =260 ##$$a Jakarta :$b Badan pengembangan dan pembinaan bahasa,$c 2022 =300 ##$$a 16 hlm. : $b Ilus. ; $c 22,9 cm =650 #4$$a Cerita anak indonesia-terjemahan =650 #4$$a Literasi-bahan bacaan =700 #$$a Thembani Dladla =700 #$$a Zanele Buthelezi